| 000 | 00584nam a22001577a 4500 | ||
|---|---|---|---|
| 999 |
_c535458 _d535458 |
||
| 020 | _qHard Cover. | ||
| 082 | _a670.5 | ||
| 100 | _aMuhammad Saeed Awan, | ||
| 245 |
_aOptimizing Production Efficiency of Manufacturing Assembling Line through Kilbridge& Wester Line Balancing Method / _cMuhammad Saeed Awan, |
||
| 260 |
_aKarachi : _bPNEC - NUST, _c2017. |
||
| 300 |
_a71 p. : ill. ; _c30cm. |
||
| 942 |
_2ddc _cTHE |
||
| 650 |
_a Industrial & Manufacturing Engineering MS-Thesis _916120 |
||
| 700 |
_aDr. Salman Nisar. _929577 |
||